| 000 | 00793cpmaa2200241 4500 | ||
|---|---|---|---|
| 001 | mm 81006097 | ||
| 003 | DLC | ||
| 005 | 20260227111706.0 | ||
| 008 | 810928|||||||||||| eng | ||
| 010 | _amm 81006097 | ||
| 040 |
_aDLC _cDLC _edacs _dDLC |
||
| 072 | 7 |
_aW _2lcmd |
|
| 100 | 1 | _aAnderson, John Emerson. | |
| 245 | 0 | 0 |
_aJohn Emerson Anderson memoir, _f1881. |
| 300 |
_a1 _fitem. |
||
| 506 | 0 | _aOpen to research. | |
| 545 | 0 | _aSoldier; flourished 1861-1881. | |
| 533 | _aPositive photocopy. | ||
| 546 | _aCollection material in English. | ||
| 580 | _aForms part of: Miscellaneous Manuscripts collection. | ||
| 999 |
_c43008 _d43008 |
||